000 00576nam a2200229Ia 4500
003 OSt
005 20220923230718.0
006 a|||||r|||| 00| 0
007 ta
008 Pun
020 _c75
024 _a304,993
037 _cTextual
040 _aARTS
_cARTS
_bPun
041 _2Pun
_aPun
082 _aR43, 153M9
100 _aਕਾਰਨੇਗੀ, ਡੇਲ
245 0 _aਚਿੰਤਾ ਛੱਡੋ ਸੁਖ ਨਾਲ ਜੀਓ
260 _c1989
942 _hR43, 153M9
_cTEXL
_2CC
999 _c386796
_d386796